| 000 | 00546nam a22001695i 4500 | ||
|---|---|---|---|
| 001 | 54651 | ||
| 003 | ES-MaACL | ||
| 005 | 20230906163007.0 | ||
| 007 | t| | ||
| 008 | 960725s1876 sp ||||1| spa d | ||
| 040 |
_aCAM _bspa _cCAM |
||
| 245 | 0 | 4 |
_aLos fueros mirados a la luz de la historia, de la ley y de la razón / _cpor un amante de la verdad y de la justicia. |
| 260 |
_aSantander : _b[s.n.], _c1876 ( _fImprenta de J. M. Martinez) |
||
| 300 |
_a101 p. ; _c21 cm. |
||
| 650 |
_aFueros- _zEspaña. _912991 |
||
| 852 |
_aES-MaACL _jFol-Laf-443 |
||
| 999 |
_c54651 _d54651 |
||